000 01157cam a2200289 4500
008 040906n2004 000 0 eng u
020 _a0860176215
035 _a(Sirsi) u127275
041 _aeng.
050 _a690.231
_c18
100 _aFawcett, W.
245 _aGood practice guidance for refurbishing occupied buildings
260 _aLondon
_bCIRIA
_c2004
300 _a112p.
_bill.
_c21cm.
350 _a40
490 _aCIRIA Publication
_vC621
520 _aThis guidance is based on 30 interviews with experts who have worked on refurbishments in different sectors. It discusses good practice principles in the following areas: project planning, collaboration and communication; health and safety; security; and avoiding nuisance to occupants.
650 _aHEALTH AND SAFETY
_96244
650 _aCONSTRUCTION MANAGEMENT
_96230
650 _aFACILITIES MANAGEMENT
_96240
650 _aMANAGEMENT-PROJECT MANAGEMENT
690 _aRefurbishment
_96264
700 _aPalmer, J.
710 _aConstruction Industry Research and Information Association
_94810
710 _aUnited Kingdom
_bDepartment of Trade and Industry
942 _n0
999 _c103719
_d103719